Catalog

Record Details

Catalog Search



Policing racist crime and violence : a comparative analysis  Cover Image Book Book

Policing racist crime and violence : a comparative analysis / preparadet by Robin Oakley

Oakley, Robin (Editor).

Record details

  • ISBN: 92-95008-92-8
  • Physical Description: 51 s.
  • Publisher: Luxembourg : Office for official publications of the European communities, 2006
Subject: Evropské monitorovací centrum rasismu a xenofobie
policie
rasové trestné činy

Available copies

  • 2 of 2 copies available at Common Catalog SPOK.

Holds

  • 0 current holds with 2 total copies.
Show Only Available Copies
Location Call Number / Copy Notes Barcode Shelving Location Status Due Date
Varianty Cho Oa 4605400588 Šafaříkova 17 - 5. patro, chodba Available -
Varianty Cho Oa 4605400590 Šafaříkova 17 - 5. patro, chodba Available -

LDR 00791cam a22002177a 4500
00131793
003CZ-PrJAB
00520190512074342.0
008060424s2006 lu ||||| |||||||| ||eng d
020 . ‡a92-95008-92-8
035 . ‡a(CZ PrSKC)000452417
040 . ‡aBOD010 ‡bcze ‡dBOD114
080 . ‡a323.14 ‡2MRF
1001 . ‡aOakley, Robin ‡4edt
24510. ‡aPolicing racist crime and violence : ‡ba comparative analysis / ‡cpreparadet by Robin Oakley
260 . ‡aLuxembourg : ‡bOffice for official publications of the European communities, ‡c2006
300 . ‡a51 s.
61024. ‡aEvropské monitorovací centrum rasismu a xenofobie
65007. ‡apolicie ‡7ph124228 ‡2czenas
65007. ‡arasové trestné činy ‡7ph280658 ‡2czenas
910 . ‡aABH006
901 . ‡a31793 ‡b ‡c31793 ‡tbiblio

Additional Resources